Central Library and Information Centre
Sibsagar Girls' College, Sivasagar : Assam

In custody (Record no. 28543)

MARC details
000 -LEADER
fixed length control field 00555cam a2200217ua 4500
001 - CONTROL NUMBER
control field 12278
003 - CONTROL NUMBER IDENTIFIER
control field OSt
005 - DATE AND TIME OF LATEST TRANSACTION
control field 20220606103338.0
008 - FIXED-LENGTH DATA ELEMENTS--GENERAL INFORMATION
fixed length control field 211209b ||||| |||| 00| 0 eng d
020 ## - INTERNATIONAL STANDARD BOOK NUMBER
International Standard Book Number 0-7493-9411-0
040 ## - CATALOGING SOURCE
Original cataloging agency JVBI_341306
Transcribing agency
Modifying agency INFLIBNET Centre
041 ## - LANGUAGE CODE
Language code of text/sound track or separate title eng
084 ## - OTHER CLASSIFICATION NUMBER
Classification number 823
Item number DES
245 ## - TITLE STATEMENT
Title In custody
Statement of responsibility, etc. Anita Desai
Medium Paper
Form Textual Document
260 ## - PUBLICATION, DISTRIBUTION, ETC.
Place of publication, distribution, etc. London
Name of publisher, distributor, etc. Vintage Random House
Date of publication, distribution, etc. 1999
300 ## - PHYSICAL DESCRIPTION
Extent 225p
Dimensions 20x13cm
365 ## - TRADE PRICE
Price type code GBP 6.99
Price note PB
650 ## - SUBJECT ADDED ENTRY--TOPICAL TERM
Topical term or geographic name entry element English Fiction
700 ## - ADDED ENTRY--PERSONAL NAME
Personal name Desai, Anita
942 ## - ADDED ENTRY ELEMENTS (KOHA)
Source of classification or shelving scheme Dewey Decimal Classification
Koha item type Books

No items available.



Sibsagar Girl's College © 2020. All rights reserved.
Powered by Koha.
Maintained by Abhijit Borpuzari.